Referendum je neplatné, predčasné voľby nebudú za vypísanie predčasných parlamentných volieb ...

Bibliographic Details
Main Authors: Krajačičová, Dobroslava (Author), Smolec, Maroš, 1974- (Author)
Format: Article
Language:Slovak
PhysicalDescription:Grafy, tab.
ISSN:1335-4698
Subjects:

MARC

LEADER 00000nab a2200000 a 4500
001 vtls000739153
003 SK-MaSNL
005 20260302193406.0
008 180206c2000 xo 0 slo
015 |a SNBRB2000/11-27949 
035 |a CLN000091013 
040 |a SNKBUCL  |b slo  |c SNKBUCL  |e AACR2 
041 0 |a slo 
044 |a xo  |c SK 
080 |a 342.573(437.6)  |2 UDC-MRF-SK2 
080 |a 323(437.6):324  |2 UDC-MRF-SK2 
100 1 |a Krajačičová, Dobroslava  |4 aut  |9 274666 
245 1 0 |a Referendum je neplatné, predčasné voľby nebudú  |b za vypísanie predčasných parlamentných volieb ...  |c Dobroslava Krajačičová, Maroš Smolec 
300 |b Grafy, tab. 
650 0 7 |a referendum  |z Slovensko  |y 2000  |2 snkbucl  |9 907378 
651 7 |a Slovensko  |x politika vnútorná  |y 2000  |2 snkbucl  |9 907306 
655 7 |a články z novín a časopisov  |2 snkbucl  |9 267496 
700 1 |a Smolec, Maroš,  |d 1974-  |4 aut  |9 192878 
773 0 |x 1335-4698  |t Slovenská republika  |g Roč. 8, č. 261 (13.11.2000), s. 1-2 
850 |a Slovenská národná knižnica v Martine 
852 |a SNK  |b KIS3GCP 
958 |a RBX 
999 |c 1444331  |d 1446261